Március 15.
Elmentve itt :
| Dokumentumtípus: | Cikk |
|---|---|
| Megjelent: |
1989
|
| Sorozat: | Beszélő : politikai és kulturális folyóirat
26 |
| Kulcsszavak: | Társadalomtudomány, Politikatudomány |
| Online Access: | http://misc.bibl.u-szeged.hu/2420 |
| LEADER | 00549nab a2200169 i 4500 | ||
|---|---|---|---|
| 001 | misc2420 | ||
| 005 | 20191106141347.0 | ||
| 008 | 170607s1989 hu o 0|| hun d | ||
| 022 | |a 0865-4093 | ||
| 040 | |a SZTE Miscellanea Repozitórium |b hun | ||
| 041 | |a hun | ||
| 245 | 0 | 0 | |a Március 15. |h [elektronikus dokumentum] |
| 260 | |c 1989 | ||
| 300 | |a 82-95 | ||
| 490 | 0 | |a Beszélő : politikai és kulturális folyóirat |v 26 | |
| 695 | |a Társadalomtudomány, Politikatudomány | ||
| 856 | 4 | 0 | |u http://misc.bibl.u-szeged.hu/2420/1/beszelo_026_082-095.pdf |z Dokumentum-elérés |